00604nam a22002057a 450000500170000001000130001702000100003003500130004003700160005304000120006908200130008110000170009424501230011125000190023426000240025327000500027730000250032765000280035265000180038020170124110226.0 aA-288614 c60.00 aA-288614 bCen Lib/Ret aDPLbEN a909bSAT aSatish Kumar aStudies in world history : 1500-1950 :cby Satish Kumarbaccording to latest syllabus for civil services (main) exam / a6th rev.enl.ed aNew DelhibBookhive aCB-231, Ring Road, NarainabNew Delhie110028 aviii,525p.c21cm(Hb) aCivilization -- History aWorld history